The music of Liszt

Uloženo v:
Podrobná bibliografie
Hlavní autor: Searle, Humphrey (Autor)
Médium: Kniha
Jazyk:angličtina
Vydáno: Nueva York Dover 1966
Vydání:2a. ed
Témata:
Tagy: Přidat tag
Žádné tagy, Buďte první, kdo vytvoří štítek k tomuto záznamu!

MARC

LEADER 00000nam a2200000 a 4500
001 UCN3214
003 CL-VaPUC
005 20231020101243.0
008 010622e19660000US |||||||||||||||||eng|d
999 |c 296139  |d 296137 
040 |c Pontificia Universidad Católica de Valparaíso 
082 0 4 |a 780.92  |b SEA  |2 21 
100 0 |a Searle, Humphrey  |e author  |9 459658 
245 1 4 |a The music of Liszt 
250 |a 2a. ed 
260 |a Nueva York  |b Dover  |c 1966 
300 |a 207 p 
583 |a last modification  |c 20010622 00:00:00  |k Rodrigo Vera 
600 0 |a Liszt, Franz,  |d 1811-1886  |9 614058 
650 0 |a Compositores húngaros  |9 456630 
650 7 |a MUSICOS HUNGAROS  |2 CL-VaPUC  |9 459659 
650 0 |a Pianistas  |9 306502 
650 0 |a Análisis musical  |9 267228 
942 |c BK  |2 ddc 
945 |d 20010622 00:00:00  |a crobeson 
952 |0 0  |1 0  |4 0  |6 780_920000000000000_SEA_1966  |7 0  |8 A  |9 349751  |a BIBEDU  |b BIBEDU  |d 2019-11-20  |i 1234676  |o 780.92 SEA 1966  |p 1234676  |r 2023-01-12  |w 2019-11-20  |y BK  |k MUS